Why Things Are The Way They Are. (Record no. 5625)

MARC details
000 -LEADER
fixed length control field 00519nam a22001937a 4500
003 - CONTROL NUMBER IDENTIFIER
control field OSt
005 - DATE AND TIME OF LATEST TRANSACTION
control field 20240514164801.0
008 - FIXED-LENGTH DATA ELEMENTS--GENERAL INFORMATION
fixed length control field 170302b xxu||||| |||| 00| 0 eng d
020 ## - INTERNATIONAL STANDARD BOOK NUMBER
International Standard Book Number 0521456606
040 ## - CATALOGING SOURCE
Transcribing agency DDC.
082 ## - DEWEY DECIMAL CLASSIFICATION NUMBER
Classification number 530.41CHA 1998
100 ## - MAIN ENTRY--PERSONAL NAME
Personal name Chandraseckhar,B.S;
9 (RLIN) 11734
245 ## - TITLE STATEMENT
Title Why Things Are The Way They Are.
260 ## - PUBLICATION, DISTRIBUTION, ETC. (IMPRINT)
Place of publication, distribution, etc. UK,
Name of publisher, distributor, etc. Cambridge University Press.
Date of publication, distribution, etc. 1998.
300 ## - PHYSICAL DESCRIPTION
Extent x,254p;
Other physical details ill;
Dimensions 28cm.
504 ## - BIBLIOGRAPHY, ETC. NOTE
Bibliography, etc includes glossary and index.
650 ## - SUBJECT ADDED ENTRY--TOPICAL TERM
Topical term or geographic name as entry element Physics.
9 (RLIN) 809
942 ## - ADDED ENTRY ELEMENTS (KOHA)
Source of classification or shelving scheme Dewey Decimal Classification
Koha item type Open Shelf
Holdings
Withdrawn status Lost status Source of classification or shelving scheme Damaged status Not for loan Home library Current library Date acquired Source of acquisition Inventory number Total Checkouts Full call number Barcode Date last seen Koha item type
    Dewey Decimal Classification     MUST Main Library MUST Main Library 02/03/2017 Purchase 04/22721   530.41CHA 1998 2017-0310 02/03/2017 Open Shelf
    Dewey Decimal Classification     MUST Main Library MUST Main Library 02/03/2017 Purchase 05/24533   530.41CHA 1998 2017-0312 02/03/2017 Open Shelf
    Dewey Decimal Classification     MUST Main Library MUST Main Library 22/03/2017 Purchase 05/24532   530.41CHA 1998 2017-0474 22/03/2017 Open Shelf
    Dewey Decimal Classification     MUST Main Library MUST Main Library 24/02/2020 Purchase 04/22722   530.41CHA 1998 2020-0565 24/02/2020 Open Shelf
    Dewey Decimal Classification     MUST Main Library MUST Main Library 14/05/2024 Purchase 05/24534   530.41CHA 1998 2024-0193 14/05/2024 Open Shelf